000
00300nam a22001337a 4500
008
171012b xxu||||| |||| 00| 0 eng d
020
_a
9780743212083
041
_a
eng
080
_2
11TH
_a
316
100
_a
50
101
_a
SOC
245
_a
DOWN TO EARTH SOCIOLOGY
_c
HENSLIN,J,M
942
_2
udc
_c
BK
999
_c
33492
_d
33492